Nalaganje...
Controlling corporate sickness : lessons from experiences for managers and bankers /
With reference to India.
| Glavni avtor: | |
|---|---|
| Format: | Printed Book |
| Izdano: |
Delhi ; New York :
Oxford University Press,
1988.
|
| Teme: |
| LEADER | 00675cam a2200181 a 4500 | ||
|---|---|---|---|
| 020 | |a 0195621042 : | ||
| 082 | 0 | |a 658.16 |b GUP/C | |
| 100 | 1 | |a Gupta, Lakshmi Chandra, | |
| 245 | 1 | 0 | |a Controlling corporate sickness : |b lessons from experiences for managers and bankers / |
| 260 | |a Delhi ; |a New York : |b Oxford University Press, |c 1988. | ||
| 300 | |a viii, 114 p. ; | ||
| 500 | |a Includes index. | ||
| 520 | |a With reference to India. | ||
| 650 | 0 | |a Corporate turnarounds | |
| 650 | 0 | |a Management |v Financial | |
| 942 | |c BK | ||
| 999 | |c 97194 |d 97194 | ||
| 952 | |0 0 |1 0 |4 0 |6 658_160000000000000_GUP_C |7 0 |9 90200 |a SSS |b SSS |c GEN |d 2011-10-14 |g 105.00 |l 0 |o 658.16 GUP/C |p SSS00037 |r 2011-10-14 |w 2011-10-14 |y BK | ||